[Event "Titled Tuesday intern op 04th Feb Early"]
[Site "Chess.com INT"]
[Date "2025.02.04"]
[Round "6"]
[White "Gelbenegger, Patrick"]
[Black "Jovic, Stanoje"]
[Result "1/2-1/2"]
[WhiteElo "2158"]
[BlackElo "2096"]
[PlyCount "103"]
[EventDate "2025.02.04"]
[EventType "swiss (blitz)"]
[EventRounds "11"]
[EventCountry "USA"]
[SourceTitle "CB07_2025"]
[SourceDate "2025.02.12"]
[SourceVersion "1"]
[SourceVersionDate "2025.02.12"]
[SourceQuality "1"]

1. e4 c6 2. d4 d5 3. exd5 cxd5 4. Bd3 Nc6 5. c3 e5 6. dxe5 Nxe5 7. Qe2 Qe7 8. Bc2 Bg4 9. Ba4+ Kd8 10. f3 Nd3+ 11. Kd1 Qxe2+ 12. Nxe2 Bd7 13. Bxd7 Kxd7 14. Rf1 Bc5 15. Nd2 Ne7 16. Nb3 Bb6 17. Kc2 Ne5 18. Bf4 Nc4 19. Rad1 Be3 20. Rd3 Bb6 21. Rfd1 Rhe8 22. Bc1 Rad8 23. Nf4 Kc6 24. Nd4+ Bxd4 25. Rxd4 g5 26. Nxd5 Na3+ 27. Kb3 Rxd5 28. Kxa3 f6 29. b4 Rxd4 30. Rxd4 b5 31. Kb3 Nf5 32. Re4 Rxe4 33. fxe4 Nd6 34. e5 fxe5 35. Bxg5 Kd5 36. Be3 a6 37. Bc5 Nf5 38. a4 Nh4 39. g3 Nf3 40. axb5 axb5 41. h4 h5 42. Kc2 Kc4 43. Bd6 e4 44. Be7 Ne5 45. Bf6 Ng4 46. Kd2 Kd5 47. Bd4 Kc4 48. Ke2 Kd5 49. Bg7 Kc4 50. Bd4 Kd5 51. Bg7 Kc4 52. Bd4 1/2-1/2

[Event "Titled Tuesday intern op 14th Jan Early"]
[Site "Chess.com INT"]
[Date "2025.01.14"]
[Round "6"]
[White "Gelbenegger, Patrick"]
[Black "Ocampos, Ian Guido"]
[Result "1-0"]
[WhiteElo "2149"]
[BlackElo "2251"]
[PlyCount "47"]
[EventDate "2025.01.14"]
[EventType "swiss (blitz)"]
[EventRounds "11"]
[EventCountry "USA"]
[SourceTitle "CB04_2025"]
[SourceDate "2025.01.22"]
[SourceVersion "1"]
[SourceVersionDate "2025.01.22"]
[SourceQuality "1"]

1. e4 c5 2. Nf3 Nc6 3. d4 cxd4 4. Nxd4 e5 5. Nb3 Nf6 6. Bd3 Bb4+ 7. c3 Be7 8. 0-0 0-0 9. f4 d6 10. Kh1 a5 11. a4 Bg4 12. Qc2 Rc8 13. Qf2 exf4 14. Bxf4 Ne5 15. Bb5 Bd7 16. Na3 Bxb5 17. Nxb5 Nd3 18. Qd2 Nxf4 19. Qxf4 Qb6 20. N3d4 Rfd8 21. Nf5 Bf8 22. Nh6+ gxh6 23. Qxf6 Rd7 24. Rf3 1-0

[Event "Titled Tuesday intern op 14th Jan Early"]
[Site "Chess.com INT"]
[Date "2025.01.14"]
[Round "1"]
[White "Gelbenegger, Patrick"]
[Black "Punin, Andrii"]
[Result "0-1"]
[WhiteElo "2149"]
[BlackElo "2289"]
[PlyCount "78"]
[EventDate "2025.01.14"]
[EventType "swiss (blitz)"]
[EventRounds "11"]
[EventCountry "USA"]
[SourceTitle "CB04_2025"]
[SourceDate "2025.01.22"]
[SourceVersion "1"]
[SourceVersionDate "2025.01.22"]
[SourceQuality "1"]

1. e4 d5 2. exd5 Qxd5 3. Nc3 Qd6 4. Nf3 Nf6 5. Bc4 c6 6. d3 Bf5 7. Bg5 e6 8. Qd2 Nbd7 9. h3 Nb6 10. Bb3 Nbd5 11. Nxd5 Nxd5 12. 0-0 Be7 13. Bxe7 Nxe7 14. Rfe1 0-0 15. a3 Bg6 16. Ne5 a5 17. Nxg6 hxg6 18. c3 a4 19. Bc2 c5 20. Qe2 b5 21. Rad1 b4 22. axb4 cxb4 23. d4 bxc3 24. bxc3 a3 25. Bb3 Nd5 26. Rc1 Rfc8 27. c4 Nb4 28. Qd2 Rd8 29. Red1 Nc6 30. d5 exd5 31. Qxd5 Qc7 32. Qf3 a2 33. Qc3 Rxd1+ 34. Rxd1 Ra3 35. Qb2 Qa5 36. c5 a1Q 37. Rxa1 Rxa1+ 38. Kh2 Qc7+ 39. g3 Ra5 0-1

[Event "Titled Tuesday intern op 14th Jan Early"]
[Site "Chess.com INT"]
[Date "2025.01.14"]
[Round "4"]
[White "Shafer, Logan Clark"]
[Black "Gelbenegger, Patrick"]
[Result "0-1"]
[WhiteElo "2202"]
[BlackElo "2149"]
[PlyCount "84"]
[EventDate "2025.01.14"]
[EventType "swiss (blitz)"]
[EventRounds "11"]
[EventCountry "USA"]
[SourceTitle "CB04_2025"]
[SourceDate "2025.01.22"]
[SourceVersion "1"]
[SourceVersionDate "2025.01.22"]
[SourceQuality "1"]

1. e4 e5 2. Nc3 Nc6 3. Bc4 Bc5 4. d3 d6 5. f4 Bxg1 6. Rxg1 Qh4+ 7. g3 Qxh2 8. Be3 Nd4 9. Bxd4 exd4 10. Ne2 Bg4 11. Kd2 Qf2 12. Qe1 Qe3+ 13. Kd1 Bxe2+ 14. Qxe2 Qxg1+ 15. Kd2 Qe3+ 16. Qxe3 dxe3+ 17. Kxe3 Nf6 18. Kf3 0-0 19. g4 h6 20. e5 dxe5 21. fxe5 Nd7 22. d4 Nb6 23. Bd3 Rad8 24. c3 c5 25. Ke3 cxd4+ 26. cxd4 Rfe8 27. Be4 Nc4+ 28. Kd3 Nxe5+ 29. Ke3 Nxg4+ 30. Kd3 Nf2+ 31. Kc3 Nxe4+ 32. Kd3 Nc5+ 33. Kc4 Ne4 34. Kd3 Nf6 35. a4 Rd6 36. b4 Red8 37. b5 Rxd4+ 38. Kc3 Ne4+ 39. Kb3 Rd3+ 40. Kc2 Rc3+ 41. Kb2 Rd2+ 42. Kb1 Rh3 0-1

[Event "Titled Tuesday intern op 26th Nov Late"]
[Site "Chess.com INT"]
[Date "2024.11.26"]
[Round "10"]
[White "Pein, Jonathan"]
[Black "Gelbenegger, Patrick"]
[Result "0-1"]
[WhiteElo "2249"]
[BlackElo "2166"]
[PlyCount "100"]
[EventDate "2024.11.26"]
[EventType "swiss (blitz)"]
[EventRounds "11"]
[EventCountry "USA"]
[SourceTitle "CB49_2024"]
[SourceDate "2024.12.04"]
[SourceVersion "1"]
[SourceVersionDate "2024.12.04"]
[SourceQuality "1"]

1. d4 d5 2. c3 Nf6 3. Bf4 Bf5 4. Qb3 Qc8 5. e3 c6 6. Nf3 h6 7. h4 Nbd7 8. Ne5 Nxe5 9. Bxe5 Nd7 10. Bf4 e6 11. Nd2 c5 12. Nf3 c4 13. Qd1 Qc6 14. Ne5 Nxe5 15. Bxe5 f6 16. Bf4 Bd6 17. Bxd6 Qxd6 18. Be2 Bh7 19. Bh5+ Ke7 20. Qg4 Rhg8 21. Bg6 Bxg6 22. Qxg6 Qc6 23. 0-0-0 b5 24. e4 b4 25. exd5 Qxd5 26. cxb4 a5 27. Qg3 axb4 28. Qc7+ Qd7 29. Qxd7+ Kxd7 30. Kb1 Kd6 31. Rh3 Ra5 32. Re3 Rd5 33. g3 Re8 34. Re2 Kc6 35. Rc2 Kb5 36. f4 e5 37. Re2 Red8 38. fxe5 fxe5 39. Kc1 exd4 40. Re7 R8d7 41. Re6 d3 42. Kd2 Rc7 43. Rc1 c3+ 44. bxc3 bxc3+ 45. Kd1 d2 46. Rc2 Rf7 47. Ke2 d1Q+ 48. Ke3 Qd4+ 49. Ke2 Qd3+ 50. Ke1 Rf1# 0-1

[Event "AUT-chT2M 2324"]
[Site "Austria"]
[Date "2024.04.20"]
[Round "10.1"]
[White "Drnovsek, Gal"]
[Black "Gelbenegger, Patrick"]
[Result "1-0"]
[WhiteElo "2398"]
[BlackElo "2239"]
[PlyCount "67"]
[EventDate "2023.11.03"]
[EventType "team-tourn"]
[EventRounds "11"]
[EventCountry "AUT"]
[SourceTitle "EXT 2025"]
[Source "ChessBase"]
[SourceDate "2024.10.14"]
[SourceVersion "1"]
[SourceVersionDate "2024.10.14"]
[SourceQuality "1"]
[WhiteTeam "St Veit/Glan"]
[BlackTeam "Steyregg"]
[WhiteTeamCountry "AUT"]
[BlackTeamCountry "AUT"]

1. d4 d5 2. c4 c6 3. Nf3 Nf6 4. Qc2 e6 5. g3 Nbd7 6. Bg2 Bd6 7. 0-0 0-0 8. Nbd2 e5 9. cxd5 cxd5 10. dxe5 Nxe5 11. Nxe5 Bxe5 12. Nf3 Bd6 13. Qb3 h6 14. Be3 b6 15. Nd4 Bc5 16. Qd3 Qd7 17. Rfd1 Rd8 18. Nb3 Bxe3 19. Qxe3 Bb7 20. Nd4 Re8 21. Qf4 Rad8 22. Rac1 Rc8 23. Nf5 Rxe2 24. Nxh6+ Kf8 25. Nf5 Ne8 26. Bf3 Re6 27. Rxc8 Qxc8 28. Qh4 Kg8 29. Ne7+ Rxe7 30. Qxe7 Nf6 31. Kg2 Ba6 32. Qxa7 Qc4 33. b3 Qc8 34. Qxb6 1-0

[Event "AUT-chT2M 2324"]
[Site "Austria"]
[Date "2024.03.16"]
[Round "7.4"]
[White "Weiss, Christian"]
[Black "Gelbenegger, Patrick"]
[Result "1-0"]
[WhiteElo "2372"]
[BlackElo "2239"]
[PlyCount "109"]
[EventDate "2023.11.03"]
[EventType "team-tourn"]
[EventRounds "11"]
[EventCountry "AUT"]
[SourceTitle "CBM 219 Extra"]
[Source "ChessBase"]
[SourceDate "2024.05.31"]
[SourceVersion "1"]
[SourceVersionDate "2024.05.31"]
[SourceQuality "1"]
[WhiteTeam "Ansfelden Union"]
[BlackTeam "Steyregg"]
[WhiteTeamCountry "AUT"]
[BlackTeamCountry "AUT"]

1. g3 d5 2. Nf3 Nf6 3. Bg2 c6 4. d3 Nbd7 5. Nbd2 e5 6. e4 dxe4 7. dxe4 Bc5 8. 0-0 0-0 9. Ne1 Qe7 10. Nd3 Bb6 11. Nc4 Bc7 12. a4 Nc5 13. Nxc5 Qxc5 14. b3 Rd8 15. Ba3 Qd4 16. Bb2 Qc5 17. Ba3 Qd4 18. Qxd4 exd4 19. Rfd1 Be6 20. Nb2 Rd7 21. Nd3 b6 22. f4 g6 23. b4 Ng4 24. Bc1 Nf6 25. Re1 Rc8 26. Bd2 Bb8 27. a5 c5 28. bxc5 bxc5 29. Rab1 Rdd8 30. f5 Bc4 31. Bg5 Bxd3 32. cxd3 Be5 33. a6 Kg7 34. Rb7 Rc7 35. Reb1 h6 36. Bd2 Rdd7 37. fxg6 fxg6 38. Ba5 Rxb7 39. axb7 Bb8 40. Bh3 Re7 41. Bc8 c4 42. Bb4 Re5 43. dxc4 Nxe4 44. Bg4 a5 45. Ba3 Nd2 46. Rc1 h5 47. Bd1 Nxc4 48. Rxc4 Re1+ 49. Kf2 Rxd1 50. Rc8 Be5 51. Re8 Rb1 52. Rxe5 Rxb7 53. Rxa5 Kf6 54. h4 Rb3 55. Bc1 1-0

[Event "AUT-chT2M 2223"]
[Site "Austria"]
[Date "2023.03.05"]
[Round "9.1"]
[White "Gelbenegger, Patrick"]
[Black "Kravanja, Georg"]
[Result "1/2-1/2"]
[WhiteElo "2260"]
[BlackElo "2204"]
[PlyCount "92"]
[EventDate "2022.09.30"]
[EventType "team-tourn"]
[EventRounds "11"]
[EventCountry "AUT"]
[SourceTitle "CBM 213 Extra"]
[Source "ChessBase"]
[SourceDate "2023.05.31"]
[SourceVersion "1"]
[SourceVersionDate "2023.05.31"]
[SourceQuality "1"]
[WhiteTeam "Steyregg"]
[BlackTeam "Graz Schachfreunde"]
[WhiteTeamCountry "AUT"]
[BlackTeamCountry "AUT"]

1. e4 c6 2. d3 d5 3. Nd2 e5 4. Ngf3 Bd6 5. d4 exd4 6. exd5 c5 7. Bb5+ Bd7 8. Bxd7+ Nxd7 9. 0-0 Ne7 10. c4 Nf6 11. Re1 0-0 12. b4 cxb4 13. Nb3 Rc8 14. Qxd4 b6 15. Bg5 Ng6 16. Rac1 h6 17. Bxf6 Qxf6 18. Qxf6 gxf6 19. Nbd4 Be5 20. Nc6 Bc3 21. Red1 Rc7 22. Nfd4 Bxd4 23. Rxd4 a5 24. f4 Ne7 25. Nxe7+ Rxe7 26. c5 bxc5 27. Rxc5 Ra8 28. d6 Rd7 29. Rc7 Rad8 30. Rxd7 Rxd7 31. Kf2 Kf8 32. Ke3 Ke8 33. Ke4 Rb7 34. Kf5 a4 35. Kxf6 b3 36. axb3 axb3 37. Re4+ Kd8 38. Re1 b2 39. Rb1 h5 40. h4 Rb4 41. g3 Rb3 42. Kxf7 Kd7 43. Kg6 Rxg3+ 44. Kxh5 Rg2 45. Rd1 Rc2 46. Rb1 Rg2 1/2-1/2

[Event "AUT-chT2M 2223"]
[Site "Austria"]
[Date "2022.10.21"]
[Round "4.3"]
[White "Kadric, Denis"]
[Black "Gelbenegger, Patrick"]
[Result "1-0"]
[WhiteElo "2561"]
[BlackElo "2260"]
[PlyCount "63"]
[EventDate "2022.09.30"]
[EventType "team-tourn"]
[EventRounds "11"]
[EventCountry "AUT"]
[SourceTitle "EXT 2024"]
[Source "ChessBase"]
[SourceDate "2023.10.10"]
[SourceVersion "1"]
[SourceVersionDate "2023.10.10"]
[SourceQuality "1"]
[WhiteTeam "Pinggau Friedberg"]
[BlackTeam "Steyregg"]
[WhiteTeamCountry "AUT"]
[BlackTeamCountry "AUT"]

1. e4 e5 2. Nf3 Nc6 3. Nc3 Nf6 4. Bb5 Nd4 5. Nxe5 Qe7 6. f4 Nxb5 7. Nxb5 d6 8. Nf3 Qxe4+ 9. Kf2 Ng4+ 10. Kg3 Qg6 11. Nh4 Qh5 12. Nxc7+ Kd8 13. h3 Nf6 14. Nxa8 Ne4+ 15. Kh2 Qxh4 16. Qf3 f5 17. d3 Nf6 18. g3 Qh5 19. Qxh5 Nxh5 20. a4 b6 21. a5 b5 22. a6 Bd7 23. c4 bxc4 24. Nb6 Bc6 25. Nxc4 Bxh1 26. Kxh1 Nxg3+ 27. Kg2 Nh5 28. Be3 d5 29. Ne5 Kc7 30. Rc1+ Kd6 31. Rc6+ Ke7 32. Kf3 1-0

[Event "AUT-chT2M 2122"]
[Site "Austria"]
[Date "2022.05.01"]
[Round "11.5"]
[White "Kristoferitsch, Daniel"]
[Black "Gelbenegger, Patrick"]
[Result "1-0"]
[WhiteElo "2290"]
[BlackElo "2244"]
[PlyCount "80"]
[EventDate "2021.10.01"]
[EventType "team-tourn"]
[EventRounds "11"]
[EventCountry "AUT"]
[SourceTitle "EXT 2023"]
[Source "ChessBase"]
[SourceDate "2022.10.05"]
[SourceVersion "1"]
[SourceVersionDate "2022.10.05"]
[SourceQuality "1"]
[WhiteTeam "Graz Schachfreunde"]
[BlackTeam "Steyregg"]
[WhiteTeamCountry "AUT"]
[BlackTeamCountry "AUT"]

1. d4 d5 2. c4 e6 3. Nc3 Nf6 4. cxd5 exd5 5. Bg5 Be7 6. e3 c6 7. Bd3 0-0 8. Qc2 Nbd7 9. Nge2 Re8 10. 0-0 Nf8 11. Rad1 Ne4 12. Bxe7 Qxe7 13. Bxe4 dxe4 14. Ng3 f5 15. f3 exf3 16. Rxf3 f4 17. Rxf4 Qxe3+ 18. Rf2 Bg4 19. Rd3 Qe1+ 20. Rf1 Qe7 21. Nce4 Rad8 22. h3 Be6 23. Nc5 Bd5 24. Nf5 Qe2 25. Rd2 Qb5 26. Qd1 Be4 27. Nxe4 Rxe4 28. Qf3 Re6 29. Qg4 g6 30. Nh6+ Kg7 31. Rf7+ Kh8 32. Rdf2 Qb4 33. Rxf8+ Rxf8 34. Qxe6 Qxd4 35. Nf7+ Kg7 36. Qe5+ Qxe5 37. Nxe5 Re8 38. Nd3 Re3 39. Rd2 b6 40. Kf2 Re7 1-0

[Event "AUT-chT2M 2122"]
[Site "Austria"]
[Date "2022.03.27"]
[Round "9.4"]
[White "Kiss, Attila"]
[Black "Gelbenegger, Patrick"]
[Result "0-1"]
[WhiteElo "2309"]
[BlackElo "2244"]
[PlyCount "46"]
[EventDate "2021.10.01"]
[EventType "team-tourn"]
[EventRounds "11"]
[EventCountry "AUT"]
[SourceTitle "EXT 2023"]
[Source "ChessBase"]
[SourceDate "2022.10.05"]
[SourceVersion "1"]
[SourceVersionDate "2022.10.05"]
[SourceQuality "1"]
[WhiteTeam "Fuerstenfeld/Hartberg"]
[BlackTeam "Steyregg"]
[WhiteTeamCountry "AUT"]
[BlackTeamCountry "AUT"]

1. d4 d5 2. c4 e6 3. Nf3 Nf6 4. g3 Bb4+ 5. Bd2 Be7 6. Qc2 Nbd7 7. Bg2 0-0 8. 0-0 b6 9. cxd5 Nxd5 10. Nc3 Bb7 11. Nxd5 Bxd5 12. e4 Bb7 13. Bf4 Bd6 14. e5 Be7 15. Ng5 Bxg5 16. Bxb7 Bxf4 17. Bxa8 Qxa8 18. Qxc7 Rd8 19. gxf4 Nf8 20. Rac1 Rxd4 21. Rfd1 Rxf4 22. Rc3 Qe4 23. Rd8 Qe1+ 0-1

[Event "AUT-chT2M 2021"]
[Site "Graz"]
[Date "2021.03.13"]
[Round "2.3"]
[White "Gelbenegger, Patrick"]
[Black "Kuba, Guenter"]
[Result "1/2-1/2"]
[WhiteElo "2248"]
[BlackElo "2348"]
[PlyCount "62"]
[EventDate "2021.03.12"]
[EventType "team-tourn"]
[EventRounds "5"]
[EventCountry "AUT"]
[SourceTitle "CBM 201 Extra"]
[Source "ChessBase"]
[SourceDate "2021.05.31"]
[SourceVersion "1"]
[SourceVersionDate "2021.05.31"]
[SourceQuality "1"]
[WhiteTeam "Steyregg"]
[BlackTeam "Fuerstenfeld/Hartberg"]
[WhiteTeamCountry "AUT"]
[BlackTeamCountry "AUT"]

1. e4 e5 2. Nf3 Nc6 3. Bc4 Bc5 4. c3 Nf6 5. d3 a6 6. Bb3 Ba7 7. 0-0 d6 8. Nbd2 0-0 9. h3 h6 10. Re1 Be6 11. Bc2 Re8 12. Nf1 d5 13. exd5 Qxd5 14. Ng3 Rad8 15. Be3 Bxe3 16. Rxe3 Qb5 17. Ba4 Qxb2 18. Nxe5 Qxc3 19. Nxc6 bxc6 20. Rc1 Qa3 21. Bxc6 Rf8 22. Qc2 Qxa2 23. Qxa2 Bxa2 24. Ra1 Bd5 25. Rxa6 Bxc6 26. Rxc6 Nd5 27. Re5 g6 28. Ne4 Kg7 29. Rc5 Nf6 30. Rxc7 Rxd3 31. Nxf6 Kxf6 1/2-1/2

[Event "AUT-chT2M 2021"]
[Site "Graz"]
[Date "2021.03.13"]
[Round "3.2"]
[White "Kadric, Denis"]
[Black "Gelbenegger, Patrick"]
[Result "1-0"]
[WhiteElo "2577"]
[BlackElo "2248"]
[PlyCount "83"]
[EventDate "2021.03.12"]
[EventType "team-tourn"]
[EventRounds "5"]
[EventCountry "AUT"]
[SourceTitle "CBM 201 Extra"]
[Source "ChessBase"]
[SourceDate "2021.05.31"]
[SourceVersion "1"]
[SourceVersionDate "2021.05.31"]
[SourceQuality "1"]
[WhiteTeam "Pinggau Friedberg"]
[BlackTeam "Steyregg"]
[WhiteTeamCountry "AUT"]
[BlackTeamCountry "AUT"]

1. e4 e5 2. Nf3 Nc6 3. Nc3 Nf6 4. Bb5 d6 5. d4 exd4 6. Nxd4 Bd7 7. Bxc6 bxc6 8. Qf3 c5 9. Nf5 Bxf5 10. exf5 Rb8 11. b3 Be7 12. Bb2 0-0 13. 0-0-0 Rb4 14. a3 Rd4 15. Nb5 Rxd1+ 16. Rxd1 Qb8 17. Qc6 Bd8 18. Re1 Qb6 19. Qxb6 axb6 20. Bxf6 gxf6 21. Na7 Kg7 22. h4 c6 23. Nxc6 d5 24. Rd1 Bc7 25. Rxd5 Bf4+ 26. Kd1 Rc8 27. Na7 Re8 28. g3 Be5 29. Nb5 Re7 30. f4 Bc7 31. a4 Kh6 32. Nxc7 Rxc7 33. g4 Re7 34. Rd6 Re4 35. g5+ Kg7 36. h5 Rxf4 37. Rxf6 Rg4 38. h6+ Kf8 39. g6 hxg6 40. fxg6 Rxg6 41. Rxg6 fxg6 42. c3 1-0

[Event "Titled Tuesday intern op 12th Jan"]
[Site "Chess.com INT"]
[Date "2021.01.12"]
[Round "3"]
[White "Gelbenegger, Patrick"]
[Black "Koellner, Ruben Gideon"]
[Result "0-1"]
[WhiteElo "2248"]
[BlackElo "2412"]
[PlyCount "63"]
[EventDate "2021.01.12"]
[EventType "swiss (blitz)"]
[EventRounds "11"]
[EventCountry "USA"]
[SourceTitle "CBM 200 Extra"]
[Source "ChessBase"]
[SourceDate "2021.03.31"]
[SourceVersion "1"]
[SourceVersionDate "2021.03.31"]
[SourceQuality "1"]

1. e4 d6 2. d4 Nf6 3. Nc3 e5 4. dxe5 dxe5 5. Qxd8+ Kxd8 6. Bc4 Be6 7. Bxe6 fxe6 8. Bg5 Bd6 9. 0-0-0 Ke7 10. f3 a6 11. Nge2 b5 12. a3 Nbd7 13. Kb1 Rhb8 14. Nc1 a5 15. Nb3 a4 16. Nc1 c5 17. Bd2 b4 18. axb4 cxb4 19. N3a2 Bc5 20. Nd3 b3 21. cxb3 axb3 22. Nc3 Bd4 23. f4 Ra6 24. fxe5 Nxe5 25. Nxe5 Bxe5 26. Be3 Rba8 27. Bc5+ Kf7 28. Kc1 Bf4+ 29. Rd2 Ra1+ 30. Nb1 Rc8 31. Kd1 Bxd2 32. Ke2 0-1

[Event "AUT-ch Zwisch Internet"]
[Site "Playchess.com INT"]
[Date "2020.05.02"]
[Round "2"]
[White "Kopinits, Anna Christina"]
[Black "Gelbenegger, Patrick"]
[Result "1/2-1/2"]
[WhiteElo "2204"]
[BlackElo "2240"]
[PlyCount "107"]
[EventDate "2020.05.02"]
[EventType "swiss (blitz)"]
[EventRounds "13"]
[EventCountry "AUT"]
[SourceTitle "CBM 195 Extra"]
[Source "ChessBase"]
[SourceDate "2020.05.31"]
[SourceVersion "1"]
[SourceVersionDate "2020.05.31"]
[SourceQuality "1"]

1. d4 d5 2. Bf4 Bf5 3. e3 e6 4. c3 Nf6 5. Nd2 c5 6. Ngf3 Nc6 7. Bb5 Qb6 8. Qa4 a6 9. Bxc6+ Qxc6 10. Qxc6+ bxc6 11. dxc5 Bxc5 12. Nb3 Bb6 13. Nfd4 Rc8 14. Nxf5 exf5 15. 0-0 0-0 16. Rac1 c5 17. c4 dxc4 18. Rxc4 Ne4 19. f3 Nf6 20. Rd1 Rfd8 21. Rxd8+ Rxd8 22. Bg5 Rd1+ 23. Kf2 Nd5 24. Nxc5 h6 25. Bf4 Nxf4 26. exf4 Rd2+ 27. Kg3 Rxb2 28. Nd7 Bf2+ 29. Kh3 g6 30. Ra4 Rb7 31. Nf6+ Kg7 32. Ne8+ Kf8 33. Nd6 Rb6 34. Nc4 Rc6 35. Ne5 Rd6 36. Nc4 Re6 37. g4 fxg4+ 38. fxg4 Be1 39. Ne5 Bc3 40. Nd7+ Kg7 41. Nc5 Rc6 42. Nxa6 Rd6 43. Ra3 Be1 44. Nc5 Rd4 45. Nd3 Bb4 46. Nxb4 Rxb4 47. Rb3 Rxf4 48. Kg3 Ra4 49. a3 Ra5 50. h3 Ra4 51. Kf3 Kf6 52. h4 Kg7 53. Kg3 Kf6 54. Kf3 1/2-1/2

[Event "AUT-ch Vor4 Internet"]
[Site "Playchess.com INT"]
[Date "2020.04.25"]
[Round "6"]
[White "Froewis, Georg"]
[Black "Gelbenegger, Patrick"]
[Result "1-0"]
[WhiteElo "2457"]
[BlackElo "2240"]
[PlyCount "129"]
[EventDate "2020.04.25"]
[EventType "swiss (blitz)"]
[EventRounds "9"]
[EventCountry "AUT"]
[SourceTitle "EXT 2021"]
[Source "ChessBase"]
[SourceDate "2020.10.23"]
[SourceVersion "1"]
[SourceVersionDate "2020.10.23"]
[SourceQuality "1"]

1. Nf3 c5 2. e3 Nc6 3. d4 cxd4 4. exd4 d5 5. c3 Nf6 6. Bf4 Bg4 7. h3 Bh5 8. Qb3 Qb6 9. Nbd2 e6 10. Qxb6 axb6 11. Bb5 Nd7 12. Ne5 Ndxe5 13. Bxe5 f6 14. Bc7 Kf7 15. Bxb6 Bd6 16. Nb3 Rhc8 17. a4 e5 18. dxe5 fxe5 19. 0-0 Ne7 20. Rfe1 Bg6 21. Rac1 Kf6 22. a5 Bf5 23. Nd2 Bc5 24. Nf3 Ng6 25. Rcd1 Nf4 26. Rxe5 Be4 27. Bd7 g6 28. Bxc8 Rxc8 29. Rxe4 dxe4 30. Nd4 Bxd4 31. Bxd4+ Kf5 32. Kf1 Nd3 33. b4 Nb2 34. Ra1 Nc4 35. Ke2 Rc6 36. b5 Rc8 37. a6 bxa6 38. bxa6 Nd6 39. a7 Ra8 40. Ra5+ Ke6 41. Ra6 Kd5 42. f3 exf3+ 43. Kxf3 Nb5 44. Kg3 Nxd4 45. cxd4 Kxd4 46. Kg4 Ke3 47. Ra2 h6 48. h4 Ke4 49. Ra4+ Ke5 50. Kh3 Kf5 51. g4+ Kf6 52. Kg3 Kg7 53. Kf4 Kf6 54. Ke4 Ke6 55. Ra6+ Kf7 56. Kd5 Kg7 57. Kc6 h5 58. g5 Kf7 59. Kb7 Rd8 60. a8Q Rxa8 61. Kxa8 Kg7 62. Rf6 Kh7 63. Ka7 Kg7 64. Ka6 Kh7 65. Ka5 1-0

[Event "AUT-ch Vor4 Internet"]
[Site "Playchess.com INT"]
[Date "2020.04.25"]
[Round "8"]
[White "Gelbenegger, Patrick"]
[Black "Pernerstorfer, Max"]
[Result "1-0"]
[WhiteElo "2240"]
[BlackElo "2066"]
[PlyCount "51"]
[EventDate "2020.04.25"]
[EventType "swiss (blitz)"]
[EventRounds "9"]
[EventCountry "AUT"]
[SourceTitle "EXT 2021"]
[Source "ChessBase"]
[SourceDate "2020.10.23"]
[SourceVersion "1"]
[SourceVersionDate "2020.10.23"]
[SourceQuality "1"]

1. d4 Nf6 2. c4 c5 3. d5 e6 4. Nc3 exd5 5. cxd5 d6 6. e4 g6 7. f4 Bg7 8. Nf3 0-0 9. Be2 Re8 10. e5 dxe5 11. fxe5 Ng4 12. Bg5 Qa5 13. 0-0 Nxe5 14. Nxe5 Bxe5 15. Bc4 Qb4 16. Qf3 Bf5 17. Bb5 Rf8 18. Kh1 Na6 19. Bxa6 bxa6 20. d6 Bxd6 21. Nd5 Qxb2 22. Bf6 Qd2 23. Bc3 Qd3 24. Nf6+ Kh8 25. Ne4+ Kg8 26. Qxd3 1-0

[Event "AUT-ch Vor4 Internet"]
[Site "Playchess.com INT"]
[Date "2020.04.25"]
[Round "7"]
[White "Gelbenegger, Patrick"]
[Black "Wiedermann, Daniel"]
[Result "0-1"]
[WhiteElo "2240"]
[BlackElo "2048"]
[PlyCount "116"]
[EventDate "2020.04.25"]
[EventType "swiss (blitz)"]
[EventRounds "9"]
[EventCountry "AUT"]
[SourceTitle "EXT 2021"]
[Source "ChessBase"]
[SourceDate "2020.10.23"]
[SourceVersion "1"]
[SourceVersionDate "2020.10.23"]
[SourceQuality "1"]

1. e4 c6 2. d4 d5 3. exd5 cxd5 4. Bd3 Nc6 5. c3 g6 6. Bf4 Bf5 7. Bxf5 gxf5 8. Qb3 Qd7 9. Nf3 Bg7 10. Nbd2 Nf6 11. Ne5 Nxe5 12. Bxe5 0-0 13. 0-0-0 a5 14. Kb1 a4 15. Qa3 b5 16. h3 Ne4 17. Nxe4 fxe4 18. f3 f5 19. f4 Bxe5 20. dxe5 Rfd8 21. g4 e6 22. gxf5 exf5 23. Rhg1+ Kh8 24. Qc5 Rac8 25. Qb6 Qc6 26. Qxc6 Rxc6 27. Rg5 b4 28. cxb4 d4 29. b5 Rb6 30. Rxf5 Rxb5 31. Rf6 e3 32. Rd6 Rxd6 33. exd6 e2 34. Re1 d3 35. Kc1 Rd5 36. Kd2 Rxd6 37. b3 axb3 38. axb3 Kg7 39. Rg1+ Kf6 40. Rg5 Rb6 41. Rg1 Rxb3 42. h4 Kf5 43. h5 Kxf4 44. h6 Kf3 45. Rh1 Kg2 46. Rh5 Kg3 47. Re5 Kg4 48. Re7 Kg5 49. Re6 Kf5 50. Re7 Kg6 51. Re6+ Kf5 52. Re7 Kg5 53. Re6 Rb1 54. Re5+ Kf4 55. Re7 e1Q+ 56. Rxe1 Rxe1 57. Kxe1 Ke3 58. Kd1 d2 0-1

[Event "AUT-ch Vor3 Internet"]
[Site "Playchess.com INT"]
[Date "2020.04.17"]
[Round "2"]
[White "Gelbenegger, Patrick"]
[Black "Charaus, Florian"]
[Result "1-0"]
[WhiteElo "2240"]
[BlackElo "2055"]
[PlyCount "119"]
[EventDate "2020.04.17"]
[EventType "swiss (blitz)"]
[EventRounds "9"]
[EventCountry "AUT"]
[SourceTitle "CBM 195 Extra"]
[Source "ChessBase"]
[SourceDate "2020.05.31"]
[SourceVersion "1"]
[SourceVersionDate "2020.05.31"]
[SourceQuality "1"]

1. e4 c6 2. d4 d5 3. exd5 cxd5 4. Bd3 Nc6 5. c3 Nf6 6. h3 g6 7. Nf3 Bf5 8. Bf4 Bxd3 9. Qxd3 Bg7 10. Nbd2 0-0 11. 0-0 a6 12. Rfe1 b5 13. b4 Rc8 14. a4 Nh5 15. Bh2 Qb6 16. axb5 axb5 17. Nb3 Rfe8 18. Nc5 Ra8 19. Qe2 e6 20. Ng5 h6 21. Rxa8 Rxa8 22. Nxf7 Ra3 23. Qxe6 Kh7 24. Be5 Ra7 25. Bxg7 Re7 26. Qxe7 Nxe7 27. Rxe7 Nxg7 28. Ne5 Kg8 29. Rd7 Ne6 30. Rxd5 Nxc5 31. Rxc5 Qa6 32. Kh2 Qa3 33. Nxg6 Qb2 34. Ne7+ Kf7 35. Nf5 Qxf2 36. Nxh6+ Kg6 37. Ng4 Qf4+ 38. Kg1 Qc1+ 39. Kf2 Qd2+ 40. Kg3 Qd3+ 41. Kh2 Qd2 42. Rc6+ Kg7 43. Rc7+ Kf8 44. Rc8+ Ke7 45. Rc5 Qf4+ 46. Kg1 Qc1+ 47. Kf2 Qf4+ 48. Kg1 Qc1+ 49. Kf2 Qf4+ 50. Ke2 Qe4+ 51. Ne3 Qb1 52. Re5+ Kf7 53. Rf5+ Ke7 54. Re5+ Kf7 55. Kf3 Qd3 56. g4 Qxc3 57. Rf5+ Kg7 58. Rxb5 Qxd4 59. Nf5+ Kg6 60. Nxd4 1-0